000 00540nam a2200169 i 4500
001 33650
003 ES-MaACL
005 20230906154809.0
007 t|
008 030203s1947 ag ||||1| spa d
100 1 _aBettinotti, Alberto Eduardo.
_928691
245 1 0 _aHisterosalpingografía y persuflación uterotubárica quimográfica /
_cAlberto Eduardo Bettinotti.
250 _a1ª ed.
260 _aBuenos Aires :
_bEl Ateneo,
_c1947 (
_fF. y M. Mercatali)
300 _a282 p. :
_bil. ;
_c23 cm.
852 _aES-MaACL
_jD-7613
_bR.27398
999 _c33650
_d33650